| 000 | 01078cab a2200265 4500 | ||
|---|---|---|---|
| 001 | ABS59937 | ||
| 008 | 090401t1999 xxu||||| |||| 00| 0 eng d | ||
| 035 | _a(Sirsi) u90769 | ||
| 041 | _aeng | ||
| 100 | _aWinger, A. | ||
| 245 | 4 | _aThe demand for office space in an increasingly automated world | |
| 260 | _c1999 | ||
| 350 | _a0 | ||
| 490 |
_aReal Estate Review _v28(4) Winter 1999, 79-81(3) |
||
| 520 | _aExamines the ways in which developments in information technology such as the Internet and Intranet affect the demand for office space. Argues that the need for employees in certain fields to work closely together will, in the short term, cancel out the forces reducing dependence on office space. | ||
| 650 | _aFUTURE | ||
| 650 | _aMANAGEMENT-BUSINESS MANAGEMENT-INFORMATION MANAGEMENT | ||
| 650 | _aPROPERTY-COMMERCIAL PROPERTY-OFFICE PROPERTY-OFFICE PROPERTY MARKET | ||
| 650 | _aOFFICE SPACE | ||
| 650 | _aOFFICES | ||
| 650 | _aTELEWORKING | ||
| 690 | _aPROPERTY-COMMERCIAL PROPERTY-COMMERCIAL PROPERTY MARKET | ||
| 942 | _n0 | ||
| 948 | _c19/01/1999 | ||
| 999 |
_c57563 _d57563 |
||